000
00327nam a22001337a 4500
008
250314b |||||||| |||| 00| 0 eng d
020
_a
1870670329
050
_a
HC1045
_b
.K55
100
_a
KNIGHT, Derrick
245
_a
A Burning Hunger
260
_a
London
_b
Panos Publication Ltd.
_c
1994
300
_a
viii, 208p.
942
_c
BK
999
_c
2330
_d
2330